<?xml version="1.0" encoding="UTF-8"?>
<collection xmlns="http://www.loc.gov/MARC21/slim">
 <record>
  <leader>00920nam a22002171  4500</leader>
  <controlfield tag="001">1/21400</controlfield>
  <controlfield tag="008">980217s1967    gr       e    000 0 gre d</controlfield>
  <datafield tag="035" ind1=" " ind2=" ">
   <subfield code="l">22048</subfield>
  </datafield>
  <datafield tag="040" ind1=" " ind2=" ">
   <subfield code="a">GR-PeUP</subfield>
  </datafield>
  <datafield tag="082" ind1="0" ind2="0">
   <subfield code="a">100.03 EN</subfield>
  </datafield>
  <datafield tag="090" ind1=" " ind2=" ">
   <subfield code="a">R 100.03 EN</subfield>
  </datafield>
  <datafield tag="245" ind1="1" ind2="2">
   <subfield code="a">The encyclopedia of philosophy/</subfield>
   <subfield code="c">edited by Paul Edwards.</subfield>
  </datafield>
  <datafield tag="260" ind1=" " ind2=" ">
   <subfield code="a">New York:</subfield>
   <subfield code="b">Macmillan publishing,</subfield>
   <subfield code="c">1967.</subfield>
  </datafield>
  <datafield tag="300" ind1=" " ind2=" ">
   <subfield code="a">3v.;</subfield>
   <subfield code="c">25 εκ.</subfield>
  </datafield>
  <datafield tag="650" ind1=" " ind2="4">
   <subfield code="a">Philosophy</subfield>
   <subfield code="x">Encyclopaedia.</subfield>
  </datafield>
  <datafield tag="650" ind1=" " ind2="4">
   <subfield code="a">Encyclopaedia.</subfield>
  </datafield>
  <datafield tag="700" ind1="1" ind2=" ">
   <subfield code="a">Edwards, Paul.</subfield>
  </datafield>
  <datafield tag="852" ind1=" " ind2=" ">
   <subfield code="a">INST</subfield>
   <subfield code="b">UNIPILB</subfield>
   <subfield code="c">REF</subfield>
   <subfield code="e">20040709</subfield>
   <subfield code="h">100.03 EN</subfield>
   <subfield code="p">00107761</subfield>
   <subfield code="q">00107761</subfield>
   <subfield code="t">NOLOAN</subfield>
   <subfield code="v">v.1 and 2:</subfield>
   <subfield code="y">23</subfield>
   <subfield code="z">v.1 and 2</subfield>
   <subfield code="4">1</subfield>
  </datafield>
  <datafield tag="852" ind1=" " ind2=" ">
   <subfield code="a">INST</subfield>
   <subfield code="b">UNIPILB</subfield>
   <subfield code="c">REF</subfield>
   <subfield code="e">20040709</subfield>
   <subfield code="h">100.03 EN</subfield>
   <subfield code="p">00107762</subfield>
   <subfield code="q">00107762</subfield>
   <subfield code="t">NOLOAN</subfield>
   <subfield code="v">v.3 and 4:</subfield>
   <subfield code="y">23</subfield>
   <subfield code="z">v.3 and 4</subfield>
   <subfield code="4">1</subfield>
  </datafield>
  <datafield tag="852" ind1=" " ind2=" ">
   <subfield code="a">INST</subfield>
   <subfield code="b">UNIPILB</subfield>
   <subfield code="c">REF</subfield>
   <subfield code="e">20040709</subfield>
   <subfield code="h">100.03 EN</subfield>
   <subfield code="p">00107763</subfield>
   <subfield code="q">00107763</subfield>
   <subfield code="t">NOLOAN</subfield>
   <subfield code="v">v.5 and 6:</subfield>
   <subfield code="y">23</subfield>
   <subfield code="z">v.5 and 6</subfield>
   <subfield code="4">1</subfield>
  </datafield>
  <datafield tag="852" ind1=" " ind2=" ">
   <subfield code="a">INST</subfield>
   <subfield code="b">UNIPILB</subfield>
   <subfield code="c">REF</subfield>
   <subfield code="e">20040709</subfield>
   <subfield code="h">100.03 EN</subfield>
   <subfield code="p">00107764</subfield>
   <subfield code="q">00107764</subfield>
   <subfield code="t">NOLOAN</subfield>
   <subfield code="v">v.7 and 8:</subfield>
   <subfield code="y">23</subfield>
   <subfield code="z">v.7 and 8</subfield>
   <subfield code="4">1</subfield>
  </datafield>
 </record>
</collection>
